| 000 | 01114nam a22002657a 4500 | ||
|---|---|---|---|
| 999 |
_c64002 _d64002 |
||
| 005 | 20240530110710.0 | ||
| 008 | 180128s2016 ua g b 000 0 ara d | ||
| 017 |
_a2015/2083 _bمصر. دار الكتب |
||
| 020 | _a9789777610667 | ||
| 040 |
_aEG-CaGPL _cEG-CaGPL |
||
| 082 | 0 | 4 |
_221 _a341.481 / _bح ع |
| 100 | 0 | _aحامد سيد محمد حامد | |
| 245 | 1 | 2 |
_aالعنف الجنسى ضد المرأة فى القانون الدولى : _bاطلالة موجزة عن مكافحتة طبقا لاحكام الشريعة الاسلامية / _cحامد سيد محمد حامد |
| 250 | _aط. 1 | ||
| 260 |
_aالقاهرة : _bالمركز القومى للاصدارات القانونية، _c2016. |
||
| 300 |
_a234 ص. ؛ _c24 سم |
||
| 504 | _aيشتمل على ارجاعات ببليوجرافية | ||
| 650 | 0 | 7 |
_2qrmak _aالجرائم الجنسية |
| 650 | 0 | 7 |
_2qrmak _aالجنس والقانون |
| 650 | 0 | 7 |
_2qrmak _aالاخلاق الجنسية |
| 651 | _2qrmak | ||
| 653 | 0 | _aالعنف ضد المرأة | |
| 942 |
_2ddc _cBK |
||